Loading...
| Current Events | 3 | 13.33 | 67% | 67% | 0% |
| Fine Arts - Classical Music | 10 | 22.00 | 100% | 90% | 30% |
| Fine Arts - Other Fine Arts | 6 | 18.33 | 100% | 67% | 17% |
| Geography | 3 | 23.33 | 100% | 100% | 33% |
| History - American History | 8 | 22.50 | 88% | 88% | 50% |
| History - European History | 6 | 26.67 | 100% | 100% | 67% |
| History - Other History | 6 | 25.00 | 83% | 100% | 67% |
| History - World History | 6 | 28.33 | 100% | 100% | 83% |
| Literature - American Literature | 8 | 18.75 | 100% | 50% | 38% |
| Literature - British Literature | 9 | 22.22 | 100% | 89% | 33% |
| Literature - European Literature | 8 | 28.75 | 100% | 88% | 100% |
| Literature - World Literature | 9 | 21.11 | 100% | 78% | 33% |
| Mythology | 9 | 26.67 | 100% | 89% | 78% |
| Painting/Sculpture | 5 | 22.00 | 100% | 80% | 40% |
| Philosophy | 5 | 22.00 | 100% | 100% | 20% |
| Pop Culture | 4 | 17.50 | 75% | 75% | 25% |
| Religion | 7 | 24.29 | 100% | 86% | 57% |
| Science - Biology | 6 | 25.00 | 100% | 100% | 50% |
| Science - Chemistry | 7 | 24.29 | 100% | 86% | 57% |
| Science - Other Science | 8 | 20.00 | 88% | 88% | 25% |
| Science - Physics | 7 | 22.86 | 100% | 100% | 29% |
| Social Science | 4 | 17.50 | 75% | 50% | 50% |